| 000 | nam a22 7a 4500 | ||
|---|---|---|---|
| 999 |
_c232861 _d232861 |
||
| 003 | Nust | ||
| 005 | 20170224100924.0 | ||
| 008 | 170224b xxu||||| |||| 00| 0 eng d | ||
| 020 |
_a0070527997 _cAvailable |
||
| 040 |
_aDLC _bDLC _cRCMS |
||
| 082 | _a62138456KAS | ||
| 245 |
_a3G Networks _bArchitecture ,Protocols and Procedures Based on 3GPP Specifications for UMTS WCDMA Networks _cKasera Sumit |
||
| 260 |
_aNew Delhi (India ) _bTata McGraw-Hill _cc2004 |
||
| 300 |
_axiv, 570 p. : _bill. ; _c26 cm. |
||
| 650 | _a3 G Networks | ||
| 856 |
_3Table of contents only _uhttp://www.loc.gov/catdir/toc/ecip0716/2007017469.html |
||
| 942 |
_2ddc _cBK |
||